Judgement of employment by the methods of systematic data collection

Our research aims at examining the opinion of the Hungarian population about employment. We would like to define what factors are mainly associated with employment and what the exact meaning of these factors is. To carry out our research we have used the techniques of systematic data collection. Thi...

Teljes leírás

Elmentve itt :
Bibliográfiai részletek
Szerzők: Dabasi Halász Zsuzsanna
Lipták Katalin
Siposné Nándori Eszter
Dokumentumtípus: Könyv része
Megjelent: 2010
Sorozat:Proceedings of the Challenges for Analysis of the Economy, the Businesses, and Social Progress : International Scientific Conference Szeged, November 19-21, 2009
Kulcsszavak:Foglalkoztatás, Adatgyűjtés
Online Access:http://acta.bibl.u-szeged.hu/57843
LEADER 01793naa a2200217 i 4500
001 acta57843
005 20260224081030.0
008 190426s2010 hu o 100 eng d
020 |a 978-963-06-9558-9 
040 |a SZTE Egyetemi Kiadványok Repozitórium  |b hun 
041 |a eng 
100 2 |a Dabasi Halász Zsuzsanna 
245 1 0 |a Judgement of employment by the methods of systematic data collection  |h [elektronikus dokumentum] /  |c  Dabasi Halász Zsuzsanna 
260 |c 2010 
300 |a 849-861 
490 0 |a Proceedings of the Challenges for Analysis of the Economy, the Businesses, and Social Progress : International Scientific Conference Szeged, November 19-21, 2009 
520 3 |a Our research aims at examining the opinion of the Hungarian population about employment. We would like to define what factors are mainly associated with employment and what the exact meaning of these factors is. To carry out our research we have used the techniques of systematic data collection. This method, developed in the 1980s by anthropologist Susan C. Weller, and mathematician A. Kimball Romney in the United States, help researchers in the social sciences collect better interview or questionnaire data. This slowly spreading qualitative research method of systematic interviewing – where each informant is asked the same set of questions – diminished the sample size required in social science research in a revolutionary way. In our paper we present a research overview about how to examine employment with the method of systematic data collection. 
695 |a Foglalkoztatás, Adatgyűjtés 
700 0 1 |a Lipták Katalin  |e aut 
700 0 2 |a Siposné Nándori Eszter  |e aut 
856 4 0 |u http://acta.bibl.u-szeged.hu/57843/1/proceedings_of_the_challenges_for_analysis_0849-0861.pdf  |z Dokumentum-elérés